[Event "Seville op 41st"]
[Site "Seville"]
[Date "2016.01.08"]
[Round "1"]
[White "Xu, Xiangyu"]
[Black "Garcia Perez, Fernando"]
[Result "1-0"]
[WhiteElo "2466"]
[BlackElo "1812"]
[PlyCount "49"]
[EventDate "2016.01.08"]
[EventType "swiss"]
[EventRounds "9"]
[EventCountry "ESP"]
[SourceTitle "CBM 170 Extra"]
[Source "ChessBase"]
[SourceDate "2016.02.25"]
[SourceVersion "1"]
[SourceVersionDate "2016.02.25"]
[SourceQuality "1"]

1. e4 c6 2. d4 d5 3. Nc3 dxe4 4. Nxe4 Nd7 5. c3 Ngf6 6. Nxf6+ Nxf6 7. Bd3 Bg4 8. Ne2 e6 9. Qb3 Qb6 10. Ng3 Bh5 11. Nxh5 Nxh5 12. Qc2 Qc7 13. Be2 Nf4 14. Bf3 Be7 15. Bd2 Rd8 16. Qe4 Nd5 17. 0-0-0 0-0 18. Kb1 b5 19. Be2 Rb8 20. Bd3 Nf6 21. Qh4 c5 22. Bf4 Bd6 23. Bg5 c4 24. Bxf6 cxd3 25. Qg5 1-0